000 00784nam a22002297a 4500
999 _c715
_d715
003 AR-CdUCM
008 190225b ||||| |||| 00| 0 spa d
020 _a8420506346
040 _aMUNICIPALIDAD PROVINCIAL DEL CUSCO
_cBIBLIOTECA MUNICIPAL DEL CUSCO
082 _21ra. ed.
_a868.35 /
_bC92
100 _ade la Cruz, San Juan
_92754
245 _aCantico Espiritual:
_bPoesias /
_cde la Cruz, San Juan
260 _aEspaƱa :
_bAlhambra ,
_c1979.
300 _a373 paginas :
_c20 cm.
505 _aEstilo y Retorica Hispana -- Canticos Espirituales y suestructura interna...
650 _aLiteratura Retorica.
_92755
650 _aCantigo Espiritual.
_92756
650 _aBiografias.
_9148
700 _ade la Cruz, San Juan
_92754
942 _2ddc
_cLIBROS
945 _artm
_d2019-02-25